| 000 | 00496cam a2200181ua 4500 | ||
|---|---|---|---|
| 020 | _cRs.5/- | ||
| 041 |
_aeng _h |
||
| 082 |
_a363.1 _bDIE/UR |
||
| 100 | _aDieterick , Berned . | ||
| 245 |
_aUrban watersupply condition and needs in seventy five devoloping countri4es / _cDireric. _hTextual Documents |
||
| 250 |
_a1 / _b. |
||
| 260 |
_aGeneva : _bWorld Health Organisation , _c1963. |
||
| 300 | _a92 ; . | ||
| 365 | _aRs.5/- | ||
| 504 | _a | ||
| 942 | _cBK | ||
| 999 |
_c12461 _d12461 |
||